header

All together now (Record no. 57144)

MARC details
000 -LEADER
fixed length control field 01486nam a22003854a 4500
082 04 - DEWEY DECIMAL CLASSIFICATION NUMBER
Classification number 330.973
100 1# - MAIN ENTRY--AUTHOR NAME
Personal name Bernstein, Jared.
245 10 - TITLE STATEMENT
Title All together now
250 ## - EDITION STATEMENT
Edition statement 1st ed.
260 ## - PUBLICATION, DISTRIBUTION, ETC. (IMPRINT)
Place of publication San Francisco :
Name of publisher Berrett-Koehler,
Year of publication c2006.
300 ## - PHYSICAL DESCRIPTION
Number of Pages ix, 154 p. :
Other physical details ill.
650 #0 - SUBJECT ADDED ENTRY--TOPICAL TERM
Topical Term Capitalism
Topical Term Individualism
Topical Term Economic security
Topical Term Social justice
856 40 - ELECTRONIC LOCATION AND ACCESS
Uniform Resource Identifier http://site.ebrary.com/lib/rucke/Doc?id=10315491

No items available.

© 2026 Rongo University
Contact us: librarian | system librarian | Rongo university